Legislación sobre propiedad intelectual

Saved in:
Bibliografiske detaljer
Main Authors: Garrote Fernández-Díez, Ignacio (Author), Pérez de Castro, Nazareth (Author), Bercovitz Rodríguez-Cano, Rodrigo (Author)
Format: Bog
Sprog:spansk
Udgivet: Madrid Tecnos 2006
Udgivelse:7a. ed
Serier:Biblioteca de Textos Legales, 234
Fag:
Tags: Tilføj Tag
Ingen Tags, Vær først til at tagge denne postø!

MARC

LEADER 00000cam a2200000 a 4500
001 UCG9640
003 CL-VaPUC
008 120323e20060000SP |||||||||||||||||spa|d
020 |a 843094480X 
082 0 4 |a 346.048  |b GAR  |2 21 
100 0 |a Garrote Fernández-Díez, Ignacio  |e author  |9 561264 
700 0 |a Pérez de Castro, Nazareth  |e author  |9 561265 
700 0 |a Bercovitz Rodríguez-Cano, Rodrigo  |e author  |9 561266 
245 1 0 |a Legislación sobre propiedad intelectual 
250 |a 7a. ed 
300 |a 761 p 
942 |c BK 
945 |d 20120323 00:00:00  |a dcastane 
260 |a Madrid  |b Tecnos  |c 2006 
650 7 |a DERECHO  |2 CL-VaPUC  |9 561267 
650 0 |a Propiedad intelectual  |9 256126 
583 |a last modification  |c 20120323 11:52:00  |k Rodrigo Vera 
490 0 |a Biblioteca de Textos Legales, 234 
999 |c 347186  |d 347184 
952 |0 0  |1 0  |4 0  |6 346_048000000000000_GAR_2006  |7 0  |8 A  |9 448360  |a BIBDER  |b BIBDER  |d 2019-11-22  |i 4845099  |o 346.048 GAR 2006  |p 4845099  |r 2023-01-25  |w 2019-11-22  |y BK  |k DER